Pièces d'une maison - Statistiques

Statistiques générales
  • Ce quiz a été pris 190 fois
  • Le résultat moyen est 6 sur 8
Statistiques - réponses
Réponse % Correct
Salle de Bain
98%
Salon
98%
Cuisine
97%
Toilettes
79%
Salle à Manger
75%
Chambres
68%
Couloir
36%
Bureaux
19%
Aucun quiz correspondant
Distribution des résultats
% des personnes avec chaque résultat
Percentile par nombre de réponses
Votre historique - résultats
Vous n’avez pas pris ce quiz